God of War Ultimate Picture Quiz - Statistics

General Stats
  • This quiz has been taken 24 times
  • The average score is 27 of 36
Answer Stats
Picture Answer % Correct
Brok
100%
Kratos
100%
Odin
100%
Thor
100%
Atreus
95%
Freya
95%
Jormungandr
95%
Mimir
89%
Modi
89%
Sindri
89%
Baldur
84%
Hades
84%
Heimdall
84%
Hercules
84%
Magni
84%
Zeus
84%
Athena
79%
Cronos
74%
Freyr
74%
Hermes
74%
Helios
68%
Poseidon
68%
Thrud
68%
Tyr
68%
Angrboda
63%
Aphrodite
63%
Ares
63%
Ratatoskr
63%
Surtr
63%
Faye
58%
Gaia
58%
Hera
58%
Deimos
53%
Hephaestus
53%
Pandora
47%
The Norns
42%
No matching quizzes found
Score Distribution
Percent of People with Each Score
Percentile by Number Answered
Your Score History
You have not taken this quiz